|
|
|
|
| LEADER |
00869cam a2200241 7i4500 |
| 001 |
0000032457 |
| 005 |
20251105090000.0 |
| 020 |
|
|
|a 96769015980 (pbk.)
|
| 020 |
|
|
|a 9789676901590 (pbk.)
|
| 090 |
0 |
0 |
|a BP167
|b .G45 2008
|
| 100 |
1 |
|
|a Al-Ghazali, Imam
|
| 245 |
1 |
0 |
|a Penenang jiwa :
|b pengubatan & rawatan : terjemahan kitab Mukashafah Al Qulub
|c Imam Al-Ghazali ; penterjemah Muhammad Qadirun Nur.
|
| 260 |
|
|
|a Cheras, Selangor:
|b Wholesale-Mart Business Point,
|c 2008.
|
| 300 |
|
|
|a v, 438 p.;
|c 22 cm.
|
| 336 |
|
|
|a text
|2 rdacontent
|
| 337 |
|
|
|a unmediated
|2 rdamedia
|
| 338 |
|
|
|a volume
|2 rdacarrier
|
| 500 |
|
|
|a Gift: Puan Asmawati Ahmad Ishak
|
| 650 |
0 |
0 |
|a Religious life --
|x Islam
|
| 650 |
0 |
0 |
|a Islamic ethics
|
| 700 |
1 |
|
|a Muhammad Qadirun Nur
|
| 997 |
|
|
|a Perpustakaan Peringatan Siddiq Fadzil
|
| 999 |
|
|
|a 0000066182
|b BOK
|c OPEN SHELF
|e 1st Floor, Bestari Jaya
|